000 00783nam a2200301Ia 4500
003 OSt
005 20220912151622.0
006 a|||||r|||| 00| 0
007 ta
008 220909b |||||||| |||| 00| 0 eng d
020 _a0387943692 (New York:hbd)
024 _a3382
037 _bNarosa,
037 _cTextual
040 _aCSL
_beng
_cCSL
041 _aeng
082 _aB3, N5
100 _aBrown Arlen
245 0 _aIntroduction to analysis
260 _aNew York
_b Springer Verlag
_c1995
300 _a297p.
_ccm.
490 _aGraduate texts in mathematics; 154
650 _a Analysis
650 _aMathematics
700 _a Pearcy Carl
942 _hB3, N5
_cTEXL
_2CC
999 _c72591
_d72591